000 00541nam a2200193Ia 4500
005 20221112143022.0
008 131103s9999 xx 000 0 und d
040 _aLoreto College
041 _aEnglish
082 _a954.03
_bCHH
100 _aChhabra,G.S.
245 _aAdvanced study in the history of modern India
_cG.S.Chhabra
260 _aNew Delhi
_bSterling Publishers
_c1971
300 _a610 p.
504 _aIncludes index and bibliographical references
650 _aModern History
_vIndia
850 _aLCLIB
942 _cBK
999 _c9665
_d60144